000 00459nam a2200181Ia 4500
001 23707
005 20260414150955.0
008 260414t2017||||xx |||||||||||||| ||spa||
041 _aESP
082 _a693.5
_bJ54
100 _aJiménez Enciso, Alex Roy
_eAUT
245 0 _aEncofrados y andamios para obras civiles y edificaciones
_b
260 _c2017
300 _a262 páginas :
_c29 cm.
650 _a0
654 _aCIC
942 _cLIB
_dJUS
_fJUS
_2ddc
_n
999 _c23707
_d23707